LIBRARY & INFORMATION CENTRE, KCAET, TAVANUR

ONLINE PUBLIC ACCESS CATALOGUE (OPAC)

Teach yourself UNIX / (Record no. 9467)

MARC details
000 -LEADER
fixed length control field 00488cam a2200193ua 4500
020 ## - INTERNATIONAL STANDARD BOOK NUMBER
ISBN 81 7029 617 x
041 ## - LANGUAGE CODE
Language code of text/sound track or separate title eng
082 ## - DEWEY DECIMAL CLASSIFICATION NUMBER
Classification number 005.43
Item number REI/TE
100 ## - MAIN ENTRY--AUTHOR NAME
Personal name Riechard, Kevin .
245 ## - TITLE STATEMENT
Title Teach yourself UNIX /
250 ## - EDITION STATEMENT
Edition statement 3 /
260 ## - PUBLICATION, DISTRIBUTION, ETC. (IMPRINT)
Place of publication New Delhi :
Name of publisher B P B Publishers ,
Year of publication 1995.
300 ## - PHYSICAL DESCRIPTION
Number of Pages 380 ; .
700 1# - ADDED ENTRY--PERSONAL NAME
Personal name Johnson, Eric F .
942 ## - ADDED ENTRY ELEMENTS (KOHA)
Koha item type Books
Holdings
Withdrawn status Lost status Damaged status Home library Current library Date acquired Full call number Accession Number Koha item type
      KAUAET KAUAET 07/04/2012 005.43 20141 Books
free website counter